Statistics for Idaho General Knowledge

Click here to take the quiz!

General Stats

  • This quiz has been taken 76 times
  • The average score is 7 of 15

Answer Stats

HintAnswer% Correct
Idaho's capital city known for local art and natureBoise
97%
Food that Idaho is most known for growingPotato
97%
Idaho city known for its trails and waterfallsIdaho Falls
79%
Location of University of IdahoMoscow
64%
Former governer of Alaska born in Sandpoint, IDSarah Palin
61%
Second largest metropolitan city in IdahoPocatello
55%
At 1,078 miles long, it is the longest river in IdahoSnake River
52%
National monument and preserve in central IdahoCraters of the Moon
39%
Canyon on the Oregon-Washington-Idaho borderHells Canyon
39%
mountain recreation and ski area in SW IdahoBogus Basin
24%
Highest peak in IdahoBorah Peak
18%
Iconic four-lane truss arch bridge in Twin FallsPerrine Bridge
15%
State park in Valley County, Idaho.Ponderosa
12%
Small passenger and cargo airline based in HaydenEmpire Airlines
0%
State park in northern Idaho, known for its lakeFarragut State Park
0%

Score Distribution

Percentile by Number Answered

Percent of People with Each Score

Your Score History

You have not taken this quiz